000 00521nam a2200181Ia 4500
001 20678
005 20260306172823.0
008 260306t2014||||xx |||||||||||||| ||spa||
041 _aESP
082 _a343.6
_bM86
100 _aMorón Urbina, Juan Carlos
_eAUT
245 0 _aEl control jurídico de los reglamentos de la administración pública:
_bel proceso constitucional de acción popular
260 _c2014
300 _a581 páginas :
_c24 cm.
650 _aGEN
654 _aCDE
942 _cLIB
_dJUS
_fJUS
_2ddc
_n
999 _c20678
_d20678